ბათუმის შოთა რუსთაველის სახელმწიფო უნივერსიტეტის ბიბლიოთეკა

საიდან მოდის სილამაზე. (ბიბ.ჩანაწერი № 41870)

000 -LEADER
fixed length control field 00793nam a2200229Ia 4500
001 - CONTROL NUMBER
control field 8553
003 - CONTROL NUMBER IDENTIFIER
control field GE_BSU
008 - FIXED-LENGTH DATA ELEMENTS--GENERAL INFORMATION
fixed length control field 181216s||||||||xx |||||||||||||| ||und||
040 ## - CATALOGING SOURCE
Transcribing agency GE_BSU
080 ## - UNIVERSAL DECIMAL CLASSIFICATION NUMBER
Universal Decimal Classification number 821.353.1-1
100 ## - MAIN ENTRY--PERSONAL NAME
Personal name ვანილიში,ანა
245 ## - TITLE STATEMENT
Title საიდან მოდის სილამაზე.
245 ## - TITLE STATEMENT
Remainder of title ლექსები.
245 ## - TITLE STATEMENT
Statement of responsibility, etc. რედ:ლალი კონცელიძე;მხატვ:რედ:გურამ გუჯაბიძე.
260 ## - PUBLICATION, DISTRIBUTION, ETC.
Place of publication, distribution, etc. ბათუმი.
260 ## - PUBLICATION, DISTRIBUTION, ETC.
Name of publisher, distributor, etc. აჭარის ფილიალი.
260 ## - PUBLICATION, DISTRIBUTION, ETC.
Date of publication, distribution, etc. 2002.
300 ## - PHYSICAL DESCRIPTION
Extent 54გვ;1ფ.პორტრ.19სმ.
653 ## - INDEX TERM--UNCONTROLLED
Uncontrolled term საიდან მოდის სილამაზე.
942 ## - ADDED ENTRY ELEMENTS (KOHA)
Koha item type წიგნი
ეგზემპლარები
Withdrawn status Lost status Damaged status Not for loan Date acquired Barcode Date last seen Price effective from Koha item type
        2018-12-17 30823 2018-12-17 2018-12-17 წიგნი
        2018-12-17 30824 2018-12-17 2018-12-17 წიგნი